Statistiken für Städte in der Umgebung von Buenos Aires

Klicken Sie hier um das Quiz zu spielen!

Allgemein

  • Dieses Quiz wurde 23 mal gespielt
  • Das Durchschnittsergebnis liegt bei 9 aus 20

Antwortstatistiken

KmStadt% Korrekt
1677São Paulo
100%
206Montevideo
94%
1969Rio de Janeiro
94%
1140Santiago
89%
1043Asunción
78%
2343Brasília
72%
2238La Paz
67%
649Córdoba
56%
844Porto Alegre
56%
279Rosario
56%
2166Belo Horizonte
50%
1346Curitiba
33%
1235Valparaíso
28%
1928Santa Cruz
22%
1347Concepción
17%
986Mendoza
17%
2062Cochabamba
11%
1705Campinas
6%
2192Goiânia
0%
2385Vitória
0%

Verteilung der Resultate

Perzentil nach korrekt beantworteten Fragen

Anzahl Personen mit jedem Resultat

Ihre Resultats-Entwicklung

Sie haben dieses Quiz noch nicht gespielt